A la bisconversa : de adelante para atrás : antolojía antolójica /

Uloženo v:
Podrobná bibliografie
Hlavní autor: Medina, Dante (autor)
Médium: Kniha
Jazyk:španělština
Vydáno: Guadalajara, México : México : Arlequín ; CONACULTA, 2002, c2002
Edice:(El Gran Padrote)
Témata:
Tagy: Přidat tag
Žádné tagy, Buďte první, kdo vytvoří štítek k tomuto záznamu!

MARC

LEADER 00000nam^a2200000^a^4500
001 000331935
005 20250521000000.0
009 20260310114049.274
020 |a 968-7463-26-0 
037 |a Acervo ITESO - Biblioteca 
041 |a ESP 
082 |a 863.  |b MED 
100 |a Medina, Dante  |e (autor) 
245 1 0 |a A la bisconversa :  |b de adelante para atrás : antolojía antolójica /  |c D. Medina. 
264 4 |a Guadalajara, México :  |b Arlequín ;  |a México :  |b CONACULTA,  |c 2002, c2002 
300 |a 350 p. 
336 |a texto  |b txt  |2 rdacontenido 
337 |a sin mediación  |b n  |2 rdamedio 
338 |a volumen  |b nc  |2 rdasoporte 
440 4 |a (El Gran Padrote) 
545 0 |a Dante Medina (Jilotlán de los Dolores, Jalisco, 1954), escritor doctorado en Letras Románicas por la Université Paul Valéry de Montpellier, Francia. Se ha desempeñado como funcionario y académico de la Universidad de Guadalajara. Miembro del Sistema Nacional de Creadores, entre los reconocimientos que ha recibido está el Premio Casa de las Américas y la Beca Guggenheim. Su obra incluye títulos como: Tola; Feminus; Léerére; Niñoserías; Los placeres de los ojos: Guadalajara; Ciudades de por sí; Los placeres de la lengua, entre otros. 
649 |a XX 
650 |a Cuentos Jaliscienses 
650 |a Cuentos Mexicanos 
650 |a Literatura Jalisciense -  |y Siglo XXI 
650 |a Literatura Mexicana -  |y Siglo XXI 
910 |a Fondo General 
920 |a Impresos - Libros 
930 |a Colección General 
940 |a Literatura 
905 |a 101 
901 |a 0500221395  |b IT1  |c LIT  |i D61124  |u 20250521 
902 |a https://opac.biblio.iteso.mx/vufind/Record/000331935